000 00359nam a2200133Ia 4500
008 100328s9999 xx 000 0 und d
082 _b27856
100 _aओक सुनेत्रा
245 _aआय कन्फेस
260 _bपरिमल
630 _aआय कन्फेस
730 _aआय कन्फेस
942 _cBOOK
999 _c519549
_d519546